Southville International School and Colleges
Your cart is empty.
  • Cart
  • Lists
    Public lists Eva Luna New books Lux_list list_1
    Your lists Log in to create your own lists
  • Log in to your account
  • Your cookies
  • Search history
Southville International School and Colleges
  • Advanced search
  • Recent comments
  • Most popular
  • Libraries

Log in to your account

Log in with GOOGLE


If you do not have an external account, but do have a local account, you can still log in:

  1. Home
  2. MARC view: Little mermaid.
Normal view MARC view ISBD view

Little mermaid. (Record no. 115112)

[ view plain ]
MARC details
000 -LEADER
fixed length control field 00406nam a2200157 a 4500
005 - DATE AND TIME OF LATEST TRANSACTION
control field 20140414132122.0
008 - FIXED-LENGTH DATA ELEMENTS--GENERAL INFORMATION
fixed length control field 130213s19uu xx 00 eng d
050 ## - LIBRARY OF CONGRESS CALL NUMBER
Classification number TR
Item number Li772 2011
245 ## - TITLE STATEMENT
Title Little mermaid.
260 ## - PUBLICATION, DISTRIBUTION, ETC. (IMPRINT)
Name of publisher, distributor, etc Castle Stree Press,
Date of publication, distribution, etc 2011.
300 ## - PHYSICAL DESCRIPTION
Extent 10p
500 ## - GENERAL NOTE
General note with large illustrations
650 ## - SUBJECT ADDED ENTRY--TOPICAL TERM
Topical term or geographic name as entry element Children stories.
700 ## - ADDED ENTRY--PERSONAL NAME
Personal name Ktie Saunders [illustrator]
Holdings
Withdrawn status Lost status Damaged status Use restrictions Home library Current library Shelving location Date acquired Source of acquisition Cost, normal purchase price Total Checkouts Full call number Barcode Date last seen Price effective from Koha item type
        Munich Library Munich Library Teachers Reference Section 02/13/2013   189.00   TR Li772 2011 M7114 04/14/2014 04/14/2014 Books

Little mermaid.

APA

Ktie Saunders [illustrator], . (2011). Little mermaid. : Castle Stree Press.

Chicago

Ktie Saunders [illustrator], . 2011. Little mermaid. : Castle Stree Press.

Harvard

Ktie Saunders [illustrator], . (2011). Little mermaid. : Castle Stree Press.

MLA

Ktie Saunders [illustrator], . Little mermaid. : Castle Stree Press. 2011.

  • Place hold
  • Print
  • Cite
  • Add to your cart (remove)
  • Save record
    BIBTEX Dublin Core MARCXML MARC (non-Unicode/MARC-8) MARC (Unicode/UTF-8) MARC (Unicode/UTF-8, Standard) MODS (XML) RIS
  • More searches
    Search for this title in:
    Other Libraries (WorldCat) Other Databases (Google Scholar) Online Stores (Bookfinder.com) Open Library (openlibrary.org)

Exporting to Dublin Core...

SOUTHVILLE LIBRARY

Southville International School and Colleges Library

1281 Tropical Ave. Cor. Luxembourg St., BF Homes International, Las Pinas City

Tel. No. 8256374 / 252358 Loc. 117/146

Powered by Koha